Dear Reader - Taylor Swift (All Lyrics) - Statistics

General Stats
  • This quiz has been taken 267 times
  • The average score is 223 of 265
Answer Stats
Lyrics % Correct
a
100%
Dear
100%
I
100%
reader,
100%
in
99%
it
99%
you
99%
(You
99%
You
99%
if
98%
If
98%
the
98%
your
98%
You're
98%
you're
98%
like
96%
one
96%
So
96%
so
96%
who
96%
already
94%
take
94%
to
94%
To
94%
feels
93%
just
93%
Just
93%
trap
93%
when
93%
don't
92%
from
92%
Never
91%
someone
91%
falling
90%
My
90%
my
90%
who's
90%
advice
89%
and
89%
And
89%
'cause
89%
have
89%
of
89%
apart
88%
for
88%
No
85%
they
85%
all
84%
did
84%
that
84%
hand
83%
is
83%
knew
83%
was
83%
plain
82%
sight
82%
these
82%
These
82%
where
82%
Where
82%
at
81%
nights
81%
right
81%
run
81%
yourself
81%
drink
80%
hiding
80%
out
80%
talking
80%
asked
79%
can
79%
fourth
79%
free
79%
Make
79%
means
79%
But
78%
darling,
78%
please
78%
recognize
78%
there
78%
not
77%
sure
77%
greatest
76%
house,
76%
man
76%
secrets
76%
through
76%
walking
76%
word
76%
aim
75%
devil
75%
would'nt
75%
care
74%
miss
74%
should
74%
home,
73%
Pick
73%
answer
72%
friends
72%
nobody's
72%
alone
71%
cursed
71%
find
71%
Find
71%
luxuries
71%
playing
71%
prefer
71%
somewhere
71%
another)
70%
another
70%
another,
70%
get
70%
past
69%
solitaire
69%
burn
68%
lives
68%
lose
68%
wander
68%
sees
66%
Snap
66%
bend
65%
map
65%
prayers
65%
bright
64%
shine
64%
light,
63%
light
63%
light)
63%
desperate
62%
guiding
61%
(Guiding
61%
files
60%
Desert
57%
found
54%
Spilling
54%
pace
46%
pen
40%
No matching quizzes found
Score Distribution
Percent of People with Each Score
Percentile by Number Answered
Your Score History
You have not taken this quiz